Medzinárodnoprávne aspekty environmentálnej migrácie diplomová práca

Gespeichert in:
Bibliographische Detailangaben
1. Verfasser: Kyselicová, Tatiana
Körperschaft: Fakulta medzinárodných vzťahov EU. Katedra medzinárodných politických vzťahov
Weitere Verfasser: Brocková, Katarína, 1976-
Format: Buch
Sprache:Slowakisch
Veröffentlicht: Bratislava 2019
Tags: Tag hinzufügen
Keine Tags, Fügen Sie das erste Tag hinzu!

MARC

LEADER 00000nbm a2200000 4500
001 0255118
005 20190806133753.1
041 0 |a slo 
044 |a SK 
245 1 0 |a Medzinárodnoprávne aspekty environmentálnej migrácie  |b diplomová práca  |c Tatiana Kyselicová ; školiteľ: Katarína Brocková 
264 1 |a Bratislava  |c 2019 
300 |a 86 s. 
100 1 |a Kyselicová, Tatiana 
700 1 |a Brocková, Katarína, 1976- 
710 2 |a Fakulta medzinárodných vzťahov EU. Katedra medzinárodných politických vzťahov